[Event "Perth Major 2019"]
[Site "Perth SCO"]
[Date "2019.02.09"]
[Round "2"]
[White "Madhavan, Sanjith"]
[Black "Rutherford, Kathleen"]
[Result "0-1"]
[WhiteElo "1427"]
[BlackElo "1683"]
[PlyCount "145"]
[EventDate "2019.02.08"]

1. e4 e5 2. Nf3 Nc6 3. Bc4 Bc5 4. d3 d6 5. O-O Nf6 6. Bg5 Bg4 7. h3 Bh5 8. Nbd2
Qd7 9. c3 h6 10. Bh4 g5 11. Bg3 g4 12. hxg4 Qxg4 13. Kh1 Rg8 14. Rg1 O-O-O 15.
b4 Bb6 16. Bb3 Nh7 17. Nh4 Qg5 18. Nhf3 Qg7 19. Qe1 Ng5 20. Bd1 Bg6 21. Nh4 Ne7
22. Nxg6 Qxg6 23. a4 a6 24. Nc4 Ba7 25. b5 axb5 26. axb5 Bb8 27. Bg4+ f5 28.
exf5 Nxf5 29. Ne3 Rdf8 30. Bxf5+ Rxf5 31. Nxf5 Qxf5 32. Qe3 c6 33. bxc6 bxc6
34. Rgb1 Rg7 35. Ra8 Rb7 36. Rxb7 Kxb7 37. Ra1 Qg6 38. Rb1+ Kc8 39. Qb6 Bc7 40.
Qxc6 Qxd3 41. Rb7 Qd1+ 42. Kh2 Qh5+ 43. Bh4 Qxh4+ 44. Kg1 Ne6 45. Ra7 Kd8 46.
Ra8+ Ke7 47. Re8+ Kf6 48. Rxe6+ Kxe6 49. Qxc7 Qe4 50. g3 Qd5 51. Qc8+ Kf6 52.
Qf8+ Kg5 53. Qg7+ Kh5 54. g4+ Kh4 55. Qxh6+ Kxg4 56. Qg6+ Kf4 57. Qf6+ Ke4 58.
Qh4+ Kd3 59. Qg3+ Kc4 60. Qg4+ Kxc3 61. f4 Qd4+ 62. Kg2 Qxf4 63. Qc8+ Kd4 64.
Qd7 d5 65. Qa4+ Ke3 66. Qb3+ Ke4 67. Qb4+ d4 68. Qb1+ d3 69. Qb4+ Kf5 70. Qf8+
Kg4 71. Qg8+ Qg5 72. Qc4+ Kf5+ 73. Kf2 0-1

[Event "Perth Major 2019"]
[Site "Perth SCO"]
[Date "2019.02.09"]
[Round "2"]
[White "Flood, Raymond"]
[Black "Maheshwari, Ritvik"]
[Result "1/2-1/2"]
[WhiteElo "1649"]
[BlackElo "1424"]
[PlyCount "52"]
[EventDate "2019.02.08"]

1. e4 e6 2. d4 d5 3. Nd2 c5 4. exd5 Qxd5 5. Ngf3 cxd4 6. Bc4 Qd6 7. O-O Nf6 8.
Nb3 Nc6 9. Nbxd4 Nxd4 10. Nxd4 a6 11. Be3 b5 12. Be2 Bb7 13. Bf3 Bxf3 14. Qxf3
Rc8 15. Rad1 Qd5 16. Qe2 Be7 17. Nb3 Qe4 18. c3 O-O 19. Rd4 Qc6 20. Bg5 h6 21.
Bh4 Nd5 22. Bxe7 Nxe7 23. Rfd1 Qa8 24. Qd3 Nc6 25. Rd6 Rfd8 26. Rxd8+ Rxd8
1/2-1/2

[Event "Perth Major 2019"]
[Site "Perth SCO"]
[Date "2019.02.09"]
[Round "2"]
[White "Morrison, Gwilym"]
[Black "Hartman, James"]
[Result "1-0"]
[WhiteElo "1624"]
[BlackElo "1376"]
[PlyCount "105"]
[EventDate "2019.02.08"]

1. d4 d5 2. c4 e6 3. Nc3 Nf6 4. Nf3 Be7 5. Bf4 c6 6. e3 O-O 7. Qc2 Nbd7 8.
O-O-O dxc4 9. Bxc4 b5 10. Be2 Nd5 11. Nxd5 cxd5 12. Bc7 Qe8 13. Bxb5 a6 14. Bc6
Ra7 15. Bb6 Rb7 16. Bxb7 Bxb7 17. Ba5 Nf6 18. Kb1 Qb5 19. Bc3 Rc8 20. Qb3 Qxb3
21. axb3 Ne4 22. Rhf1 Nxc3+ 23. bxc3 Rxc3 24. Kb2 Rc6 25. Rc1 Rb6 26. Ne5 Bd6
27. Nd7 Rb5 28. Nc5 a5 29. Nxb7 Rxb7 30. Rc8+ Bf8 31. Ra8 g6 32. Rc1 Kg7 33.
Rxa5 Bb4 34. Ra8 Be1 35. Rc2 Bb4 36. g4 Kh6 37. Rac8 Bd6 38. f4 Ra7 39. R2c6
Ba3+ 40. Kc3 Rb7 41. R8c7 Bb4+ 42. Kc2 Rb8 43. Rxf7 Ra8 44. Rcc7 Rh8 45. h4 Be1
46. Rxh7+ Rxh7 47. g5+ Kh5 48. Rxh7+ Kg4 49. Rf7 Bxh4 50. b4 Be1 51. b5 Ba5 52.
Rf6 Kf3 53. Kd3 1-0

[Event "Perth Major 2019"]
[Site "Perth SCO"]
[Date "2019.02.09"]
[Round "2"]
[White "Young, Colin"]
[Black "Macgilchrist, Siegrun"]
[Result "1-0"]
[WhiteElo "1360"]
[BlackElo "1607"]
[PlyCount "99"]
[EventDate "2019.02.08"]

1. d4 d5 2. c4 Nf6 3. Nc3 Bf5 4. cxd5 Nxd5 5. Qb3 Nxc3 6. bxc3 b6 7. Bf4 Be6 8.
Qc2 g6 9. Be5 f6 10. Bf4 Bg7 11. e4 O-O 12. d5 Bf7 13. Rd1 Nd7 14. Nf3 g5 15.
Bg3 Nc5 16. Nd4 Bg6 17. f3 a6 18. Bc4 b5 19. d6+ bxc4 20. dxc7 Qc8 21. Nc6 Qe6
22. Nd8 Qb6 23. Rb1 Nd3+ 24. Qxd3 cxd3 25. Rxb6 Rfxd8 26. cxd8=Q+ Rxd8 27. Rb8
Rxb8 28. Bxb8 Bf7 29. a3 e5 30. Bd6 Bb3 31. g4 Kf7 32. Kd2 Bc2 33. c4 Ke6 34.
c5 Kd7 35. Ra1 h5 36. h3 h4 37. Ra2 f5 38. exf5 Bf6 39. a4 Kc6 40. Rb2 Bxa4 41.
Rb6+ Kd5 42. Kxd3 Bb5+ 43. Ke3 Bd8 44. Rb8 Ba5 45. f6 Ke6 46. Bxe5 Bc4 47. Kd4
Bd5 48. Re8+ Kd7 49. Re7+ Kc6 50. f7 1-0

[Event "Perth Major 2019"]
[Site "Perth SCO"]
[Date "2019.02.09"]
[Round "2"]
[White "Ramazanov, Vagif"]
[Black "Whittaker, Ian"]
[Result "0-1"]
[WhiteElo "1308"]
[BlackElo "1600"]
[PlyCount "70"]
[EventDate "2019.02.08"]

1. e4 d6 2. d4 Nf6 3. Nc3 g6 4. Nf3 Bg7 5. Bc4 c6 6. Bb3 a5 7. Qd3 b5 8. a3 Ba6
9. Qe3 O-O 10. h3 b4 11. axb4 axb4 12. Ne2 Nbd7 13. O-O e5 14. Rd1 Qc7 15. dxe5
dxe5 16. c3 Bxe2 17. Rxa8 Rxa8 18. Qxe2 Nc5 19. Bc2 bxc3 20. bxc3 Ra2 21. Rd2
Bh6 22. Rd1 Bxc1 23. Rxc1 Nfxe4 24. Qc4 Qa7 25. Nxe5 Nxf2 26. Nxc6 Qa3 27. Qf4
Nfd3 28. Bxd3 Nxd3 29. Qb8+ Kg7 30. Rd1 Qxc3 31. Rxd3 Qxd3 32. Qe5+ Kh6 33.
Qf4+ g5 34. Qxf7 Ra1+ 35. Kh2 Qd6+ 0-1

[Event "Perth Major 2019"]
[Site "Perth SCO"]
[Date "2019.02.09"]
[Round "2"]
[White "Wilson, Cameron"]
[Black "McKay, Jonathan"]
[Result "0-1"]
[WhiteElo "1302"]
[BlackElo "1540"]
[PlyCount "76"]
[EventDate "2019.02.08"]

1. e4 d6 2. Nf3 Nf6 3. Nc3 g6 4. Bc4 Bg7 5. d3 O-O 6. h3 Nbd7 7. Bd2 c6 8. a3
b5 9. Ba2 Bb7 10. O-O a5 11. a4 b4 12. Ne2 c5 13. c3 Qb6 14. Bc4 Ba6 15. Qb3
Qc6 16. cxb4 axb4 17. Rfc1 Bxc4 18. Rxc4 Nb6 19. Ned4 Qd7 20. Nb5 Nxc4 21. Qxc4
Rfb8 22. e5 Rxb5 23. Ng5 d5 24. Qh4 h6 25. exf6 hxg5 26. Bxg5 Bxf6 27. f4 Bxg5
28. Qxg5 Rba5 29. Re1 e6 30. f5 exf5 31. Re7 Qd6 32. b3 c4 33. dxc4 dxc4 34.
Qe3 cxb3 35. Rb7 Rxa4 36. Qxb3 Ra1+ 37. Kf2 Qd2+ 38. Kg3 R1a3 0-1

[Event "Perth Major 2019"]
[Site "Perth SCO"]
[Date "2019.02.09"]
[Round "2"]
[White "Sutherland, Andrew"]
[Black "Dutta, Oishani"]
[Result "1-0"]
[WhiteElo "1537"]
[BlackElo "1247"]
[PlyCount "115"]
[EventDate "2019.02.08"]

1. c4 Nf6 2. g3 g6 3. Bg2 Bg7 4. Nc3 O-O 5. d4 d6 6. e4 e5 7. Nge2 Nbd7 8. O-O
Re8 9. f3 c6 10. Be3 Nf8 11. Qd2 Bd7 12. d5 Rc8 13. dxc6 Bxc6 14. Rfd1 b6 15.
Qxd6 Qxd6 16. Rxd6 Ba8 17. b3 Red8 18. Rad1 Ne6 19. Bh3 Rxd6 20. Rxd6 Rd8 21.
Rxd8+ Nxd8 22. Nb5 Nc6 23. Bc8 Bf8 24. Nec3 Ne8 25. Bd7 Nd6 26. Bxc6 Bxc6 27.
Nxa7 Bb7 28. Bxb6 Nc8 29. Nxc8 Bxc8 30. Nd5 Bd6 31. Bc7 Bxc7 32. Nxc7 Kf8 33.
Kf2 Ke7 34. Ke3 Kd6 35. Nd5 Bb7 36. b4 Ba6 37. Kd3 Bb7 38. a4 Kc6 39. c5 Ba6+
40. b5+ Bxb5+ 41. axb5+ Kxb5 42. Nf6 Kxc5 43. Nxh7 Kd6 44. Nf6 Ke6 45. Nd5 Kd6
46. Kc4 Kc6 47. Ne3 Kd6 48. Kb5 Kd7 49. Kc5 Ke6 50. Nd5 Kd7 51. h4 Ke6 52. g4
f6 53. h5 gxh5 54. gxh5 Kf7 55. Kd6 Kg7 56. Ke6 Kh6 57. Nxf6 Kg5 58. Kxe5 1-0

[Event "Perth Major 2019"]
[Site "Perth SCO"]
[Date "2019.02.09"]
[Round "2"]
[White "Bishop, Lee"]
[Black "Kante, Kalyan Sai Nandan"]
[Result "0-1"]
[WhiteElo "1180"]
[BlackElo "1511"]
[PlyCount "78"]
[EventDate "2019.02.08"]

1. e4 e5 2. Nf3 Nc6 3. Bb5 a6 4. Ba4 Nf6 5. O-O b5 6. Bb3 Be7 7. d3 O-O 8. a3
d5 9. Nc3 d4 10. Nd5 h6 11. Bd2 Bd6 12. Qc1 Kh7 13. h3 Nb8 14. Nh2 Nxd5 15.
Bxd5 c6 16. Bb3 Be6 17. f4 Nd7 18. f5 Bxb3 19. cxb3 Rc8 20. Bxh6 gxh6 21. Ng4
Qg5 22. Qd1 h5 23. Nh2 Rg8 24. g4 hxg4 25. hxg4 Nf6 26. Kh1 Nxg4 27. Rg1 Qh5
28. Qe2 Qxh2+ 29. Qxh2+ Nxh2 30. Kxh2 c5 31. Rg3 Rxg3 32. Kxg3 c4 33. bxc4 bxc4
34. Kf3 c3 35. bxc3 dxc3 36. a4 c2 37. Rc1 Ba3 38. Rh1+ Kg7 39. Ra1 c1=Q 0-1

[Event "Perth Major 2019"]
[Site "Perth SCO"]
[Date "2019.02.09"]
[Round "2"]
[White "Dutta, Nandini"]
[Black "Kerridge, Simon"]
[Result "0-1"]
[WhiteElo "1240"]
[BlackElo "1494"]
[PlyCount "76"]
[EventDate "2019.02.08"]

1. d4 Nf6 2. Bf4 b6 3. e3 Bb7 4. c4 e6 5. Nf3 c5 6. Nc3 a6 7. Bd3 cxd4 8. exd4
Bb4 9. Qc2 Bxf3 10. gxf3 Nc6 11. a3 Nxd4 12. Qd1 Be7 13. Bxh7 Nxf3+ 14. Qxf3
Rxh7 15. Rd1 Rc8 16. Qd3 Rh4 17. Ne2 d5 18. Qg3 Nh5 19. Qe3 Nxf4 20. Nxf4 Rxc4
21. Ne2 Qc7 22. Rc1 Rxc1+ 23. Qxc1 Rc4 24. Qe3 Re4 25. Qd2 Qe5 26. Rg1 Qxh2 27.
Kf1 Bc5 28. Ng3 Qh3+ 29. Rg2 Rd4 30. Qe2 Qh6 31. Kg1 a5 32. Rh2 Qc1+ 33. Kg2
Rd2 34. Rh8+ Kd7 35. Rh1 Qxh1+ 36. Kxh1 Rxe2 37. Nxe2 Bxf2 38. Kg2 Be3 0-1

[Event "Perth Major 2019"]
[Site "Perth SCO"]
[Date "2019.02.09"]
[Round "2"]
[White "McDade, James"]
[Black "Dowling, Richard"]
[Result "1/2-1/2"]
[WhiteElo "1442"]
[BlackElo "1596"]
[PlyCount "56"]
[EventDate "2019.02.08"]

1. d4 Nf6 2. Nc3 e6 3. e4 Bb4 4. Bg5 h6 5. Bxf6 Qxf6 6. a3 Bxc3+ 7. bxc3 O-O 8.
Nf3 b6 9. Bd3 Bb7 10. O-O d6 11. Qe2 Nd7 12. c4 c5 13. d5 Rfe8 14. Qd2 Nf8 15.
Rab1 Ng6 16. Ne1 Bc8 17. f4 Bd7 18. dxe6 fxe6 19. e5 Qf7 20. exd6 Bc6 21. Nf3
Bxf3 22. Rxf3 Nh4 23. Rh3 Nf5 24. Bxf5 exf5 25. d7 Red8 26. Rd3 Rab8 27. Rd5
Rb7 28. Rd1 Rc7 1/2-1/2

[Event "Perth Major 2019"]
[Site "Perth SCO"]
[Date "2019.02.09"]
[Round "2"]
[White "Burke, David"]
[Black "Wilson, Donald"]
[Result "1-0"]
[WhiteElo "1570"]
[BlackElo "1420"]
[PlyCount "55"]
[EventDate "2019.02.08"]

1. e4 c5 2. Nf3 d6 3. d4 cxd4 4. Nxd4 Nf6 5. Nc3 g6 6. Be3 Bg7 7. f3 Nc6 8. Qd2
Bd7 9. O-O-O O-O 10. g4 a6 11. h4 h5 12. gxh5 Nxh5 13. Nde2 Ne5 14. Nf4 Nxf3
15. Qg2 Nxf4 16. Bxf4 Ne5 17. Bxe5 Bxe5 18. h5 Kg7 19. Be2 Bc6 20. Rdg1 Bf4+
21. Kb1 g5 22. Nd5 Bxd5 23. exd5 Kh6 24. Rf1 b5 25. Rhg1 Rg8 26. Qe4 Qe8 27.
Bd3 Rg7 28. Rxf4 1-0

[Event "Perth Major 2019"]
[Site "Perth SCO"]
[Date "2019.02.09"]
[Round "2"]
[White "Wilson, Graham"]
[Black "Roth, Michael J"]
[Result "0-1"]
[WhiteElo "1362"]
[BlackElo "1551"]
[PlyCount "84"]
[EventDate "2019.02.08"]

1. e4 e5 2. Nf3 Nc6 3. Bb5 a6 4. Ba4 Bd6 5. O-O Nf6 6. Re1 b5 7. Bb3 Na5 8. d4
Qe7 9. Bf4 exf4 10. e5 O-O 11. exd6 Qxd6 12. c3 Nxb3 13. Qxb3 Bb7 14. Nbd2 Rfe8
15. Qc2 Qd5 16. b3 Re6 17. c4 bxc4 18. bxc4 Qc6 19. Rxe6 fxe6 20. Rb1 Re8 21.
Qb3 Ba8 22. Ne1 Ne4 23. Nxe4 Qxe4 24. Rd1 Qb7 25. Qxb7 Bxb7 26. Rb1 Be4 27. Rb3
d6 28. f3 Bc6 29. Kf2 d5 30. c5 Bb5 31. Nd3 Bxd3 32. Rxd3 Rb8 33. Rb3 Rxb3 34.
axb3 Kf7 35. Ke2 e5 36. g3 g5 37. Kd3 Ke6 38. dxe5 Kxe5 39. b4 h5 40. g4 hxg4
41. fxg4 d4 42. h3 f3 0-1

[Event "Perth Major 2019"]
[Site "Perth SCO"]
[Date "2019.02.09"]
[Round "2"]
[White "Noble, Raymond"]
[Black "Banarjee, Subhayu"]
[Result "0-1"]
[WhiteElo "1482"]
[BlackElo "1403"]
[PlyCount "56"]
[EventDate "2019.02.08"]

1. e4 c5 2. Nc3 d6 3. g3 Nc6 4. Bg2 Nf6 5. d3 e6 6. f4 Be7 7. Nf3 O-O 8. O-O b6
9. h3 Bb7 10. Be3 Nh5 11. g4 Nf6 12. Qe1 Nb4 13. Qf2 d5 14. exd5 Nfxd5 15. a3
Nxe3 16. Qxe3 Nxc2 17. Qe2 Nxa1 18. Rxa1 Rb8 19. a4 Qc7 20. Rf1 a6 21. Ne4 f5
22. Neg5 Bxg5 23. Qxe6+ Kh8 24. Nxg5 Bxg2 25. Kxg2 Rbe8 26. Qc4 Qc6+ 27. Kg3
Re3+ 28. Kh4 Qh6# 0-1

[Event "Perth Major 2019"]
[Site "Perth SCO"]
[Date "2019.02.09"]
[Round "2"]
[White "Doris, Peter"]
[Black "McRobert, George R"]
[Result "1-0"]
[WhiteElo "1477"]
[BlackElo "1373"]
[PlyCount "113"]
[EventDate "2019.02.08"]

1. d4 d5 2. Bf4 Nf6 3. e3 g6 4. Nc3 c6 5. Nf3 Nbd7 6. Be2 Bg7 7. h4 Ne4 8. h5
b5 9. hxg6 hxg6 10. Rxh8+ Bxh8 11. Nxe4 dxe4 12. Ng5 Qa5+ 13. c3 Nb6 14. Qb3 e6
15. Bc7 b4 16. Nxe4 Ba6 17. cxb4 Qd5 18. Nd6+ Kd7 19. Qxd5 Nxd5 20. Nxf7 Nxb4
21. Kd2 Bxe2 22. Ba5 Nd5 23. Kxe2 Rb8 24. b3 Bf6 25. f4 Rf8 26. Ne5+ Bxe5 27.
dxe5 Rh8 28. Rd1 Ke7 29. e4 Nxf4+ 30. Kf3 g5 31. Bb4+ Ke8 32. Ba5 Rh2 33. Rd2
Rh1 34. Bd8 Ng6 35. Bf6 Nf8 36. Rd8+ Kf7 37. Bxg5 Rf1+ 38. Ke2 Ra1 39. Rd2 Ng6
40. Bf6 Nf4+ 41. Ke3 Nh5 42. Rf2 Kg6 43. g4 Nxf6 44. exf6 Kf7 45. e5 Re1+ 46.
Re2 Rg1 47. Kf4 Rd1 48. Ke4 a5 49. a4 c5 50. Re3 Rd4+ 51. Kf3 Rb4 52. Rd3 c4
53. Rd7+ Ke8 54. Re7+ Kf8 55. bxc4 Rxc4 56. Rxe6 Rxa4 57. g5 1-0

[Event "Perth Major 2019"]
[Site "Perth SCO"]
[Date "2019.02.09"]
[Round "3"]
[White "Harvey, Steven David"]
[Black "Watson-McFie, Joseph"]
[Result "1/2-1/2"]
[WhiteElo "1728"]
[BlackElo "1600"]
[PlyCount "98"]
[EventDate "2019.02.08"]

1. e4 Nf6 2. d3 d5 3. Nd2 e5 4. Ngf3 Nc6 5. g3 dxe4 6. dxe4 Bg4 7. h3 Bh5 8. c3
Nxe4 9. g4 Nxd2 10. Bxd2 Bg6 11. Qa4 Qd5 12. Bg2 Be4 13. Qd1 O-O-O 14. Be3
Qxd1+ 15. Rxd1 Rxd1+ 16. Kxd1 Be7 17. Ke2 Rd8 18. Rd1 Rxd1 19. Kxd1 f6 20. Ne1
Bxg2 21. Nxg2 Nd8 22. Ke2 c5 23. Ne1 Ne6 24. Nf3 Kc7 25. Kd3 b5 26. b3 a5 27.
Nd2 g6 28. Ke4 Kd6 29. Nf3 b4 30. cxb4 axb4 31. Nd2 Nd4 32. Bxd4 exd4 33. f4
Ke6 34. f5+ Kd6 35. Nc4+ Kc6 36. Nd2 Bd6 37. Nc4 g5 38. Na5+ Kb5 39. Nc4 Bf4
40. Nb2 Kc6 41. Nc4 Bc1 42. Na5+ Kb5 43. Nc4 Bf4 44. Nb2 Kc6 45. Nc4 Be5 46.
Nd2 Kd6 47. Nc4+ Kc6 48. Na5+ Kb5 49. Nc4 Kc6 1/2-1/2

[Event "Perth Major 2019"]
[Site "Perth SCO"]
[Date "2019.02.09"]
[Round "3"]
[White "Fay, Craig"]
[Black "Barron-Majerik, Jan"]
[Result "1/2-1/2"]
[WhiteElo "1350"]
[BlackElo "1629"]
[PlyCount "70"]
[EventDate "2019.02.08"]

1. d4 c6 2. c4 d5 3. Nf3 Nf6 4. Bg5 g6 5. Bxf6 exf6 6. e3 Bg4 7. a3 Bg7 8. h3
Be6 9. c5 Nd7 10. Bd3 O-O 11. O-O f5 12. Nbd2 Qc7 13. Qc2 Nf6 14. Ng5 Bd7 15.
h4 Rae8 16. Rfe1 Ng4 17. Nf1 h6 18. Nh3 Re7 19. Nf4 Rfe8 20. Qd2 h5 21. Re2 Bh6
22. g3 Nf6 23. b4 a6 24. a4 g5 25. hxg5 Bxg5 26. Nh2 h4 27. Nf3 Bxf4 28. exf4
Rxe2 29. Bxe2 Ne4 30. Qe1 Qd8 31. Nxh4 Nf6 32. Nf3 Kg7 33. Ne5 Ng4 34. Qd2 f6
35. Nxg4 fxg4 1/2-1/2

[Event "Perth Major 2019"]
[Site "Perth SCO"]
[Date "2019.02.09"]
[Round "3"]
[White "Monaghan, Mark"]
[Black "Sandham, Alasdair"]
[Result "1-0"]
[WhiteElo "1697"]
[BlackElo "1348"]
[PlyCount "108"]
[EventDate "2019.02.08"]

1. d4 d5 2. c4 e6 3. Nc3 Nf6 4. Nf3 Be7 5. Bg5 O-O 6. e3 h6 7. Bf4 Nbd7 8. Bd3
dxc4 9. Bxc4 a6 10. Bb3 b5 11. O-O Bb7 12. Rc1 c5 13. Ne5 cxd4 14. exd4 Rc8 15.
a3 Nb6 16. Re1 Nbd5 17. Nxd5 Nxd5 18. Rxc8 Qxc8 19. Bd2 Rd8 20. Qh5 Rf8 21. Rc1
Qa8 22. Ba2 Nf6 23. Qh3 Rc8 24. Rxc8+ Qxc8 25. Bb1 Nd7 26. Qd3 Nf6 27. Ng4 Qc6
28. f3 a5 29. h3 b4 30. axb4 axb4 31. Nxf6+ Bxf6 32. Qh7+ Kf8 33. Bxb4+ Ke8 34.
Qg8+ Kd7 35. Qxf7+ Kd8 36. Qf8+ Kd7 37. Qc5 Qxc5 38. Bxc5 Kc6 39. Be4+ Kc7 40.
Bxb7 Kxb7 41. b4 Kc6 42. Kf2 Bg5 43. Bf8 Bf6 44. Ke3 Kd5 45. Bc5 Kc6 46. Ke4 g6
47. f4 Bg7 48. g4 Bh8 49. f5 exf5+ 50. gxf5 g5 51. d5+ Kd7 52. Bd4 Bxd4 53.
Kxd4 h5 54. Ke4 Kd8 1-0

[Event "Perth Major 2019"]
[Site "Perth SCO"]
[Date "2019.02.09"]
[Round "3"]
[White "Kante, Kalyan Sai Nandan"]
[Black "Hall, David G"]
[Result "1-0"]
[WhiteElo "1511"]
[BlackElo "1706"]
[PlyCount "55"]
[EventDate "2019.02.08"]

1. e4 g6 2. d4 Bg7 3. Nc3 c6 4. Be3 d5 5. Qd2 dxe4 6. Nxe4 Nd7 7. h4 Ngf6 8.
Ng3 Ng4 9. Bf4 e5 10. dxe5 Bxe5 11. Be2 Bxf4 12. Qxf4 Ngf6 13. O-O-O Nd5 14.
Qh6 Qf6 15. Nh3 Nc5 16. Rhe1 Be6 17. Qg5 O-O-O 18. Rxd5 Qxg5+ 19. Rxg5 f5 20.
Bf3 Bf7 21. Ne2 Rhe8 22. Rg3 Ne4 23. Bxe4 Rxe4 24. Ng5 Re7 25. Nxf7 Rxf7 26.
Nf4 Rd5 27. Rf3 Rfd7 28. Re8+ 1-0

[Event "Perth Major 2019"]
[Site "Perth SCO"]
[Date "2019.02.09"]
[Round "3"]
[White "Rutherford, Kathleen"]
[Black "Sutherland, Andrew"]
[Result "0-1"]
[WhiteElo "1683"]
[BlackElo "1537"]
[PlyCount "56"]
[EventDate "2019.02.08"]

1. e4 e6 2. b3 c5 3. Nc3 Nc6 4. Bb2 Nf6 5. f4 d5 6. e5 Nd7 7. Nf3 Be7 8. Be2 a6
9. a4 O-O 10. O-O f6 11. exf6 Nxf6 12. Qe1 Qc7 13. g3 Bd6 14. Nd1 e5 15. fxe5
Nxe5 16. d4 Nxf3+ 17. Bxf3 Bh3 18. Rf2 Rae8 19. Re2 Rxe2 20. Qxe2 Bxg3 21. hxg3
Qxg3+ 22. Kh1 Ng4 23. Bxd5+ Kh8 24. Bf3 Bf1 25. Qd2 Qxf3+ 26. Kg1 Qg3+ 27. Kh1
Nf2+ 28. Qxf2 Rxf2 0-1

[Event "Perth Major 2019"]
[Site "Perth SCO"]
[Date "2019.02.09"]
[Round "3"]
[White "Aitchison, A Keith"]
[Black "Kerridge, Simon"]
[Result "0-1"]
[WhiteElo "1667"]
[BlackElo "1494"]
[PlyCount "106"]
[EventDate "2019.02.08"]

1. e4 b6 2. d4 Bb7 3. Nc3 e6 4. Nf3 Bb4 5. Bd3 Nf6 6. Qe2 d5 7. e5 Ne4 8. Bd2
Nxd2 9. Qxd2 Be7 10. Ne2 c5 11. c3 Ba6 12. O-O Bxd3 13. Qxd3 O-O 14. b3 Nc6 15.
a3 Na5 16. Nd2 Qc7 17. b4 c4 18. Qg3 Nb3 19. Ra2 b5 20. Rb2 Nxd2 21. Rxd2 a5
22. f4 axb4 23. axb4 Ra3 24. f5 Bxb4 25. f6 g6 26. Qg5 Kh8 27. Qh6 Rg8 28. cxb4
Qc8 29. Rf4 Qf8 30. Rh4 Qxh6 31. Rxh6 Rga8 32. Rc2 Ra2 33. Rxa2 Rxa2 34. Rh3
Rxe2 35. Ra3 h5 36. Ra8+ Kh7 37. Rf8 Rd2 38. Rxf7+ Kg8 39. Rg7+ Kf8 40. Rc7
Rxd4 41. Rc8+ Kf7 42. Rc7+ Kg8 43. Rc6 Re4 44. Rxe6 c3 45. Rc6 Rc4 46. Rd6 c2
47. Rd8+ Kf7 48. Rd7+ Ke6 49. Re7+ Kf5 50. g3 Kg4 51. Kg2 c1=Q 52. h3+ Kg5 53.
h4+ Kg4 0-1

[Event "Perth Major 2019"]
[Site "Perth SCO"]
[Date "2019.02.09"]
[Round "3"]
[White "Gibb, Robert A"]
[Black "Morrison, Gwilym"]
[Result "1-0"]
[WhiteElo "1478"]
[BlackElo "1624"]
[PlyCount "65"]
[EventDate "2019.02.08"]

1. d4 e6 2. c4 f5 3. g3 Nf6 4. Bg2 Be7 5. Nc3 O-O 6. Nf3 d6 7. O-O a5 8. a4 Qe8
9. Re1 Ne4 10. Qc2 Nxc3 11. bxc3 Bd8 12. e4 e5 13. dxe5 dxe5 14. exf5 Bxf5 15.
Qb3 Bf6 16. Nd4 Qd7 17. Nxf5 Qxf5 18. Be4 Qg4 19. Bxb7 Ra7 20. Be3 Rxb7 21.
Qxb7 e4 22. Bd4 Bxd4 23. cxd4 Qf3 24. Qd5+ Kh8 25. Qxe4 Qxf2+ 26. Kh1 Nd7 27.
Rf1 Qxf1+ 28. Rxf1 Rxf1+ 29. Kg2 Rf8 30. Qe7 Kg8 31. Qxd7 Rf7 32. Qd8+ Rf8 33.
Qxc7 1-0

[Event "Perth Major 2019"]
[Site "Perth SCO"]
[Date "2019.02.09"]
[Round "3"]
[White "Whittaker, Ian"]
[Black "McMillan, Andrew"]
[Result "1-0"]
[WhiteElo "1600"]
[BlackElo "1393"]
[PlyCount "51"]
[EventDate "2019.02.08"]

1. Nf3 d5 2. b4 Nf6 3. Bb2 e6 4. b5 Nbd7 5. e3 Bd6 6. c4 c6 7. a4 cxb5 8. axb5
dxc4 9. Bxc4 Nb6 10. Be2 O-O 11. O-O Bd7 12. Nc3 Nfd5 13. Qb3 Nc7 14. Ne4 Be7
15. Rfc1 Nbd5 16. Ne5 Bb4 17. Nxd7 Qxd7 18. Nc5 Qe7 19. d4 b6 20. Nd3 Bd6 21.
g3 Qd7 22. e4 Ne7 23. e5 Ned5 24. exd6 Qxd6 25. Ba3 Qd7 26. Ne5 1-0

[Event "Perth Major 2019"]
[Site "Perth SCO"]
[Date "2019.02.09"]
[Round "3"]
[White "Harkins, William"]
[Black "Robertson, Jim"]
[Result "0-1"]
[WhiteElo "1438"]
[BlackElo "1595"]
[PlyCount "74"]
[EventDate "2019.02.08"]

1. d4 d5 2. Bf4 e6 3. e3 f5 4. Nf3 Nf6 5. Nbd2 c6 6. Bd3 Be7 7. h3 O-O 8. Qe2
Bd7 9. Ne5 Be8 10. g4 Ne4 11. Bxe4 fxe4 12. O-O-O g5 13. Bg3 Qa5 14. Kb1 Qa6
15. Qf1 Qxf1 16. Rdxf1 c5 17. c3 Nc6 18. f4 Nxe5 19. fxe5 Bb5 20. Rxf8+ Rxf8
21. Rh2 cxd4 22. cxd4 Rc8 23. Nb3 Bd3+ 24. Ka1 a5 25. Rh1 a4 26. Nc1 Ba6 27.
Kb1 b5 28. a3 b4 29. axb4 Bxb4 30. Be1 Rb8 31. Bxb4 Rxb4 32. Ka2 Rc4 33. b3
Rc2+ 34. Ka3 axb3 35. Kxb3 Rf2 36. Kc3 Rf1 37. Rxf1 Bxf1 0-1

[Event "Perth Major 2019"]
[Site "Perth SCO"]
[Date "2019.02.09"]
[Round "3"]
[White "McKay, Jonathan"]
[Black "Young, Colin"]
[Result "1-0"]
[WhiteElo "1540"]
[BlackElo "1360"]
[PlyCount "85"]
[EventDate "2019.02.08"]

1. d4 d5 2. c4 c6 3. Nc3 Nf6 4. e3 dxc4 5. Bxc4 Qb6 6. e4 Bg4 7. f3 Bh5 8. e5
Nfd7 9. e6 Nf6 10. exf7+ Bxf7 11. Bxf7+ Kxf7 12. Nh3 h6 13. Qd3 e6 14. Nf4 Qd8
15. O-O g5 16. Ng6 Rg8 17. Ne5+ Ke8 18. f4 Nbd7 19. Re1 Nxe5 20. Rxe5 Qd7 21.
f5 Rd8 22. Rxe6+ Be7 23. Qe2 Kf7 24. Ne4 Kg7 25. Nxg5 Rde8 26. Nf3 Bd6 27.
Bxh6+ Kxh6 28. Qd2+ Kh7 29. Rxf6 Bf8 30. Qf4 Rg7 31. Rh6+ Kg8 32. Ne5 Qd8 33.
f6 Rxe5 34. dxe5 Rd7 35. Qg4+ Bg7 36. fxg7 Rxg7 37. Qe6+ Rf7 38. Rf6 Qd4+ 39.
Kh1 Qd7 40. Qb3 Qe8 41. Raf1 Qxe5 42. Qxf7+ Kh8 43. Rh6# 1-0

[Event "Perth Major 2019"]
[Site "Perth SCO"]
[Date "2019.02.09"]
[Round "3"]
[White "Maheshwari, Ritvik"]
[Black "Clinton, William"]
[Result "1/2-1/2"]
[WhiteElo "1424"]
[BlackElo "1682"]
[PlyCount "93"]
[EventDate "2019.02.08"]

1. d4 Nf6 2. Nf3 c5 3. c3 cxd4 4. cxd4 d5 5. Bf4 e6 6. a3 Bd6 7. Bg3 O-O 8. e3
Nc6 9. Nc3 Qe7 10. Ne5 Bd7 11. f4 Rac8 12. Bd3 Na5 13. Qe2 Nb3 14. Rb1 Rc7 15.
O-O Rfc8 16. Na2 Ne4 17. Be1 Nc1 18. Nxc1 Rxc1 19. Rxc1 Rxc1 20. Bxe4 dxe4 21.
Nxd7 Qxd7 22. Bc3 Rxf1+ 23. Kxf1 Qc6 24. Ke1 Bxa3 25. Qg4 Bf8 26. f5 exf5 27.
Qxf5 b5 28. d5 Qc4 29. Qe5 b4 30. Qd4 Qxd4 31. Bxd4 a6 32. Kd2 Bd6 33. g3 f6
34. Bb6 Kf7 35. Kc2 Ke7 36. Kb3 Kd7 37. Kc4 Be5 38. b3 Bc3 39. Bc5 f5 40. Bxb4
Bxb4 41. Kxb4 Kd6 42. Kc4 g5 43. h3 h6 44. b4 Kd7 45. Kc3 Ke7 46. Kc4 Kd7 47.
Kc3 1/2-1/2

[Event "Perth Major 2019"]
[Site "Perth SCO"]
[Date "2019.02.09"]
[Round "3"]
[White "McRobert, Michael"]
[Black "Flood, Raymond"]
[Result "1-0"]
[WhiteElo "1469"]
[BlackElo "1649"]
[PlyCount "79"]
[EventDate "2019.02.08"]

1. e4 d5 2. exd5 Nf6 3. Bb5+ Bd7 4. Be2 Bf5 5. d4 Nxd5 6. a3 e6 7. c4 Nb6 8.
Nf3 Be7 9. O-O O-O 10. Nc3 c6 11. Bf4 Na6 12. c5 Nd5 13. Nxd5 exd5 14. Bxa6
bxa6 15. Qa4 Qc8 16. Ne5 Bd7 17. Rfe1 Bf6 18. Re3 Bxe5 19. Bxe5 f6 20. Bd6 Re8
21. Rae1 Rxe3 22. Rxe3 Qb7 23. Qb3 Qb5 24. a4 Qxb3 25. Rxb3 Kf7 26. Rb7 Ke6 27.
g4 g6 28. f4 f5 29. gxf5+ gxf5 30. Kg2 h5 31. Kh3 Be8 32. Kh4 Kf6 33. Be5+ Kg6
34. Rg7+ Kh6 35. Re7 Bg6 36. Bg7+ Kh7 37. Kg5 Be8 38. Be5+ Kg8 39. Rg7+ Kf8 40.
Kf6 1-0

[Event "Perth Major 2019"]
[Site "Perth SCO"]
[Date "2019.02.09"]
[Round "3"]
[White "Sawaryn, Steve"]
[Black "Le, Feuvre Gwenole"]
[Result "1-0"]
[WhiteElo "1422"]
[BlackElo "1595"]
[PlyCount "59"]
[EventDate "2019.02.08"]

1. e4 c5 2. Nf3 Nc6 3. d4 cxd4 4. Nxd4 e6 5. Nc3 Qc7 6. Be3 a6 7. Qd2 Nf6 8.
O-O-O Be7 9. f3 b5 10. g4 d5 11. g5 Nd7 12. f4 Nc5 13. Bxb5 Bd7 14. Bxc6 Bxc6
15. Nxc6 Qxc6 16. Qd4 O-O 17. f5 Rfd8 18. Rhg1 Rab8 19. f6 Bf8 20. h4 a5 21. a3
Qb7 22. b4 axb4 23. axb4 Nd7 24. b5 Ne5 25. Rg3 Rbc8 26. Qa7 Rd7 27. Qxb7 Rxb7
28. Bd4 Nc4 29. Rdg1 g6 30. Rh3 1-0